Drivers and Barriers to Achieving Quality in Higher Education /

Análisis crítico sobre calidad de la educación superior en Europa, resultante de un programa de investigación de tres años (2010-2013), realizado en República Checa, Reino Unido, Letonia, Portugal, Polonia, Eslovaquia y los Países Bajos. Se revisaron indicadores como el acceso a la educación, la eva...

Повний опис

Збережено в:
Бібліографічні деталі
Автор: Eggins, Heather (autor)
Формат: Книга
Мова:Англійська
Опубліковано: Rotterdam, Holanda : Sense, 2014, c2014
Предмети:
Онлайн доступ:Ver documento en línea
Теги: Додати тег
Немає тегів, Будьте першим, хто поставить тег для цього запису!

MARC

LEADER 00000nam^a2200000^a^4500
001 000420789
005 20251023000000.0
009 20260310122519.589
020 |a 978-94-6209-494-9 
037 |a Acervo ITESO - Biblioteca 
041 |a ING 
082 |a 378. 40  |b EGG 
100 |a Eggins, Heather  |e (autor) 
245 1 0 |a Drivers and Barriers to Achieving Quality in Higher Education /  |c Ed. de H. Eggins ; pref. de Lesley Wilson. 
264 4 |a Rotterdam, Holanda :  |b Sense,  |c 2014, c2014 
264 2 |a Cham, Suiza :  |b Springer Link [distribución],  |c 2014 
300 |a 1 libro electrónico en línea (XI, 181 p.) 
300 |a 1 recurso en línea 
336 |a datos para computadora  |b cod  |2 rdacontenido 
337 |a computadora  |b c  |2 rdamedio 
338 |a recurso en línea  |b cr  |2 rdasoporte 
506 0 |a Licencias ilimitadas 
520 |a Análisis crítico sobre calidad de la educación superior en Europa, resultante de un programa de investigación de tres años (2010-2013), realizado en República Checa, Reino Unido, Letonia, Portugal, Polonia, Eslovaquia y los Países Bajos. Se revisaron indicadores como el acceso a la educación, la evaluación de estudiantes y profesores, la gobernanza, la interacción educativa y la eficiencia, entre otros. 
649 |a XX 
650 |a Relaciones Maestro-Alumno -  |z Europa 
650 |a Interacción en la Educación -  |x Europa 
650 |a Acceso a la Educación -  |z Europa 
650 |a Eficiencia Terminal -  |z Europa 
650 |a Evaluación Educativa -  |z Europa 
650 |a Calidad de la Educación -  |z Europa -  |x Tema Principal 
650 |a Política Educativa -  |z Europa 
650 |a Educación Superior -  |z Europa -  |x Historia -  |y 2010-2019 
650 |a Educación Superior -  |z Europa -  |x Tema Principal 
650 |a Educación -  |z Europa 
650 |a Educación 
856 4 0 |u https://link-springer-com.ezproxy.iteso.mx/10.1007/978-94-6209-494-9  |y Ver documento en línea 
910 |a Fondo General 
920 |a Electrónicos - Libros en Línea 
930 |a Plataforma Digital 
905 |a 205 
901 |a 420789-1  |b IT2  |c EBO  |i C172346  |u 20250521 
902 |a https://opac.biblio.iteso.mx/vufind/Record/000420789